Denmark : 2021 Article IV Consultation-Press Release; Staff Report; and Staff Supplement.

Denmark entered the pandemic on a strong economic footing and utilized its large policy space built over time to successfully address the crisis and lay the ground for a strong recovery. The outlook is for a rebound in activity, but uncertainty remains elevated with risks tilted to the downside. Mac...

Ամբողջական նկարագրություն

Մատենագիտական մանրամասներ
Համատեղ հեղինակ: International Monetary Fund. European Dept
Ձևաչափ: Ամսագիր
Լեզու:English
Հրապարակվել է: Washington, D.C. : International Monetary Fund, 2021.
Շարք:IMF Staff Country Reports; Country Report ; No. 2021/112
Խորագրեր:
Առցանց հասանելիություն:Full text available on IMF
LEADER 01748cas a2200301 a 4500
001 AALejournalIMF021622
008 230101c9999 xx r poo 0 0eng d
020 |c 5.00 USD 
020 |z 9781513573212 
022 |a 1934-7685 
040 |a BD-DhAAL  |c BD-DhAAL 
110 2 |a International Monetary Fund.  |b European Dept. 
245 1 0 |a Denmark :   |b 2021 Article IV Consultation-Press Release; Staff Report; and Staff Supplement. 
264 1 |a Washington, D.C. :  |b International Monetary Fund,  |c 2021. 
300 |a 1 online resource (84 pages) 
490 1 |a IMF Staff Country Reports 
500 |a <strong>Off-Campus Access:</strong> No User ID or Password Required 
500 |a <strong>On-Campus Access:</strong> No User ID or Password Required 
506 |a Electronic access restricted to authorized BRAC University faculty, staff and students 
520 3 |a Denmark entered the pandemic on a strong economic footing and utilized its large policy space built over time to successfully address the crisis and lay the ground for a strong recovery. The outlook is for a rebound in activity, but uncertainty remains elevated with risks tilted to the downside. Macrofinancial vulnerabilities persist as housing price growth has accelerated and household debt remains high. The current account declined but remains in surplus. 
538 |a Mode of access: Internet 
650 7 |a International Agreements  |2 imf 
650 7 |a International Organizations  |2 imf 
650 7 |a Monetary Policy  |2 imf 
650 7 |a Observance  |2 imf 
651 7 |a Denmark  |2 imf 
830 0 |a IMF Staff Country Reports; Country Report ;  |v No. 2021/112 
856 4 0 |z Full text available on IMF  |u http://elibrary.imf.org/view/journals/002/2021/112/002.2021.issue-112-en.xml  |z IMF e-Library